书目信息 |
| 题名: |
囚徒的困境
|
|
| 作者: | 庞德斯通, 著 ;吴鹤龄 译 | |
| 分册: | ||
| 出版信息: | 北京 北京理工大学出版社 2005.09 |
|
| 页数: | 358页, [6] 页图版 | |
| 开本: | 20cm | |
| 丛书名: | 盗火者译丛 | |
| 单 册: | ||
| 中图分类: | O225-49 | |
| 科图分类: | ||
| 主题词: | 对策论--dui ce lun | |
| 电子资源: | ||
| ISBN: | 7-5640-0572-6 | |
| 000 | 01524nam 2200289 450 | |
| 001 | 012006278406 | |
| 005 | 20060904164006.15 | |
| 010 | @a7-5640-0572-6@dCNY24.00 | |
| 100 | @a20060610d2005 km y0chiy0120 ea | |
| 101 | 1 | @achi@ceng |
| 102 | @aCN@b110000 | |
| 105 | @aaf a 001yy | |
| 200 | 1 | @a囚徒的困境@Aqiu tu de kun jing@e冯·诺伊曼、博弈论和原子弹之谜@d= Prisoner's dilemma@eJohn Von Neumann, game theory, and the puzzle of the bomb@f(美) 威廉姆·庞德斯通著@F(mei)wei lian mu·pang de si tong zhu@g吴鹤龄译@Gwu he ling yi@zeng |
| 210 | @a北京@c北京理工大学出版社@d2005.09 | |
| 215 | @a358页, [6] 页图版@c图@d20cm | |
| 225 | 2 | @a盗火者译丛@Adao huo zhe yi cong |
| 320 | @a有书目 (第324-329页) 和索引。 | |
| 330 | @a本书的视角十分广阔。作者围绕冯·诺伊曼的生平和博弈论这两条主线,实际上向读者展现了二战以后、冷战初期国际政治舞台上的矛盾和冲突,并试图分析其根源。这部书让我们比较详细地了解了美国以至整个西方在战后围绕要不要发展原子武器,围绕关于“先发制人的战争”所展开的大辩论,比较详细地了解了20世纪60年代初震动全世界的古巴导弹危机的经过和内幕。 | |
| 410 | 0 | @12001 @a盗火者译丛 |
| 510 | 1 | @aPrisoner's dilemma@eJohn Von Neumann, game theory, and the puzzle of the bomb@zeng |
| 517 | 1 | @a冯·诺伊曼、博弈论和原子弹之谜@Afeng·nuo yi man、bo yi lun he yuan zi dan zhi mi |
| 606 | 0 | @a对策论@Adui ce lun |
| 690 | @aO225-49@v4 | |
| 701 | 1 | @a庞德斯通,@Apang de si tong,@bW.@g(Poundstone, William)@4著 |
| 702 | 0 | @a吴鹤龄@Awu he ling@4译 |
| 801 | 0 | @aCN@bQSSK@c20060904 |
| 905 | @a10447@dO225-49@eP306 | |
| 囚徒的困境:冯·诺伊曼、博弈论和原子弹之谜= Prisoner's dilemma:John Von Neumann, game theory, and the puzzle of the bomb/(美) 威廉姆·庞德斯通著/吴鹤龄译.-北京:北京理工大学出版社,2005.09 |
| 358页, [6] 页图版:图;20cm.-(盗火者译丛) |
| ISBN 7-5640-0572-6:CNY24.00 |
| 本书的视角十分广阔。作者围绕冯·诺伊曼的生平和博弈论这两条主线,实际上向读者展现了二战以后、冷战初期国际政治舞台上的矛盾和冲突,并试图分析其根源。这部书让我们比较详细地了解了美国以至整个西方在战后围绕要不要发展原子武器,围绕关于“先发制人的战争”所展开的大辩论,比较详细地了解了20世纪60年代初震动全世界的古巴导弹危机的经过和内幕。 |
| ● |
| 相关链接 |
|
|
|
正题名:囚徒的困境
索取号:O225-49/P306
 
预约/预借
| 序号 | 登录号 | 条形码 | 馆藏地/架位号 | 状态 | 备注 |
| 1 | 584753 | 205847538 | 自科库401/401自科库 48排4列5层/ [索取号:O225-49/P306] | 在馆 | |
| 2 | 584754 | 205847547 | 自科库401/401自科库 48排4列5层/ [索取号:O225-49/P306] | 在馆 |